How to instantly connect with anyone / (Record no. 28154)

MARC details
000 -LEADER
fixed length control field 01033nam a2200277 a 4500
005 - DATE AND TIME OF LATEST TRANSACTION
control field 20090710155110.0
008 - FIXED-LENGTH DATA ELEMENTS--GENERAL INFORMATION
fixed length control field 081024s2009 nyu b 000 0 eng
010 ## - LCCN (DPL NO)
LC control number ENG-94370
020 ## - INTERNATIONAL STANDARD BOOK NUMBER
International Standard Book Number 0070147299
Terms of availability 250.00
020 ## - INTERNATIONAL STANDARD BOOK NUMBER
International Standard Book Number 9780070147294
Terms of availability 250.00
035 ## - SYSTEM CONTROL NUMBER
System control number EN-77903
037 ## - SOURCE OF ACQUISITION
Source of stock number/acquisition DBAD / PUB
040 ## - CATALOGING SOURCE
Original cataloging agency dpl
Language of cataloging English
082 ## - DEWEY DECIMAL CLASSIFICATION NUMBER
Classification number 646.76
100 ## - MAIN ENTRY--PERSONAL NAME
Personal name Lowndes, Leil
245 ## - TITLE STATEMENT
Title How to instantly connect with anyone /
Statement of responsibility, etc by Leil Lowndes
260 ## - PUBLICATION, DISTRIBUTION, ETC. (IMPRINT)
Place of publication, distribution, etc New Delhi
Name of publisher, distributor, etc Tata McGraw-Hill
Date of publication, distribution, etc 2009
270 ## - ADDRESS
Address 7 West Patel Nagar
City New Delhi
Postal code 110008
300 ## - PHYSICAL DESCRIPTION
Extent xxii, 314p.
Dimensions 21cm(pbk)
500 ## - GENERAL NOTE
General note "96 all-new little tricks for big success in relationships"--Cover.
504 ## - BIBLIOGRAPHY, ETC. NOTE
Bibliography, etc Includes bibliographical references
650 ## - SUBJECT ADDED ENTRY--TOPICAL TERM
Topical term or geographic name as entry element Social skills.
650 ## - SUBJECT ADDED ENTRY--TOPICAL TERM
Topical term or geographic name as entry element Interpersonal relations.
942 ## - ADDED ENTRY ELEMENTS (KOHA)
Source of classification or shelving scheme Dewey Decimal Classification
Item type English Books
Classification part 646.76
Call number suffix LOW
Holdings
Withdrawn status Lost status Source of classification or shelving scheme Damaged status Not for loan Collection code Home library Current library Date acquired Source of acquisition Cost, normal purchase price Total Checkouts Full call number Barcode Date last seen Copy number Cost, replacement price Koha item type
    Dewey Decimal Classification   Not For Loan Non-fiction D.B.Act.Division D.B.Act.Division 10/07/2009 DBAD / PUB 250.00   646.76 LOW EN-77903 10/07/2009 1 250.00 English Books

© Delhi Public Library
Hit Counter
free hit counter